Badminton
| Main Author: | |
|---|---|
| Format: | Book |
| Published: |
Kuala Lumpur :
Goodmark Enterprise ,
1995
|
| Series: | Siri ke arah bintang sukan
|
| Subjects: |
MARC
| LEADER | 00000cam a2200000 7i4500 | ||
|---|---|---|---|
| 001 | 0000007015 | ||
| 002 | 000007552 | ||
| 005 | 20000330.0 | ||
| 020 | |a 9830570959 | ||
| 090 | 0 | 0 | |a 796.3450712 |b AHM |
| 100 | 0 | |a Ahmad Wafi | |
| 245 | 0 | 0 | |a Badminton |c Ahmad Wafi |
| 260 | |a Kuala Lumpur : |b Goodmark Enterprise , |c 1995 | ||
| 300 | |a 143p. : |b ill ; |c 25cm. | ||
| 490 | 0 | |a Siri ke arah bintang sukan | |
| 650 | 0 | 0 | |a Badminton |x Manual |
| 999 | |a 051126 |b BUKU |c PINJAMAN |e PERPUSTAKAAN KOMUNITI PETALING JAYA | ||